000 00633nam a22001937a 4500
005 20251108175913.0
008 250721s2023 xx 000 0 ara d
082 1 4 _a956.0651/فهد
100 1 _aفهد، بدري محمد
245 1 0 _aموارد المعرفة و الثقافة في الأندلس :
_bعصر الدولة الأموية /
264 1 _aعمان :
_bزمزم ناشرون و موزعون،
_c2023.
300 _a398ص.
650 1 7 _aالحضارة الاسلامية
650 1 7 _aالثقافة
650 1 7 _aالاندلس
650 1 7 _aالعصر الاموي
942 _2ddc
_cBK
999 _c145183
_d145183